Blitz: African Countries Ending in 'A' Quiz Stats

 Plays Quiz Updated May 1, 2016

Also try: 'O' in Africa
Challenge
Share
Tweet
Embed
Score 0/22 Timer 01:30
2 Plays Today
% Correct
Algeria
82.3%
South Africa
80.4%
Kenya
80.4%
Libya
77.5%
Nigeria
76.5%
Ethiopia
75.7%
Angola
73.4%
Somalia
72.6%
Namibia
71.6%
Rwanda
71.5%
Tanzania
71.4%
% Correct
Ghana
70.4%
Zambia
70.1%
Tunisia
69.6%
Uganda
69.3%
Eritrea
67.5%
Botswana
65.5%
Liberia
63.3%
Guinea
61.7%
The Gambia
60.2%
Mauritania
59.8%
Equatorial Guinea
47.2%

You're not logged in!

Compare scores with friends on all Sporcle quizzes.
OR
Log In

You Might Also Like...

Show Comments

Extras

Top Quizzes Today


Score Distribution

Your Account Isn't Verified!

In order to create a playlist on Sporcle, you need to verify the email address you used during registration. Go to your Sporcle Settings to finish the process.

Report this User

Report this user for behavior that violates our Community Guidelines.

Details: